MESTSKÁ KNIŽNICA GIRALTOVCE  - online katalóg 

Nemôžu byť všetci páni, musia byť i ľudia alebo Breviár slovenských prísloví a porekadiel (Record no. 23148)

000 -NÁVESTIE
fixed length control field 00801nam a2200241 a 4500
001 - EVIDENČNÉ ČÍSLO ZÁZNAMU - Kontrolné číslo
control field vtls009613419
005 - DÁTUM A ČAS POSLEDNEJ TRANSAKCIE
control field 20220207131948.0
008 - ÚDAJE S PEVNOU DĹŽKOU – VŠEOBECNÉ INFORMÁCIE
fixed length control field 090627e2006 xo gr 000 m slo c
020 ## - MEDZINÁRODNÉ ŠTANDARDNÉ ČÍSLO KNIHY (ISBN)
Medzinárodné štandardné číslo knihy (ISBN) 8089092284 (viaz.)
Údaje o dostupnosti 130.00 SK
035 ## - Iný štandardný identifikátor
Iný štandardný identifikátor TNKK096339
040 ## - ZDROJ KATALOGIZÁCIE
Pôvodná katalogizujúca agentúra TTKJF
Jazyk katalogizácie slo
Prepisujúca agentúra TTKJF
Konvencie popisu AACR2
041 0# - KÓD JAZYKA
Kód jazyka textu/zvukovej stopy alebo samostatných nápisov slo
044 ## - KÓD KRAJINY VYDAVATEĽA/PRODUCENTA
Kód krajiny MARC xo
Kód krajiny ISO SK
245 00 - NÁZOV
Názov Nemôžu byť všetci páni, musia byť i ľudia alebo Breviár slovenských prísloví a porekadiel
Údaj o zodpovednosti atď. [zost. Kveta Dašková, Jana Steinerová]
250 ## - ÚDAJ O PORADÍ VYDANIA
Údaj o poradí vydania 3. vyd.
260 ## - VYDAVATEĽSKÉ ÚDAJE, DISTRIBÚCIA ATĎ.
Miesto publikovania, distribúcie atď. Bratislava
Názov vydavateľa, distibútora atď. Q 111
Dátum publikovania, distribúcie atď. 2006
300 ## - FYZICKÝ POPIS
Rozsah 167 s.
Rozmery 15 cm
490 1# - EDÍCIA
Edícia Všetci ľudia (možno) všetko vedia
653 1# - INDEXAČNÝ TERMÍN – VOĽNÉ INDEXOVANIE
Neriadený termín príslovia slovenské
653 1# - INDEXAČNÝ TERMÍN – VOĽNÉ INDEXOVANIE
Neriadený termín porekadlá slovenské
700 1# - PRIDANÝ VSTUP – OSOBNÉ MENO
Osobné meno Dašková, Kveta,
Dátumy súvisiace s menom 1935-
Kód roly com
-- 2714
700 1# - PRIDANÝ VSTUP – OSOBNÉ MENO
Osobné meno Steinerová, Jana
Kód roly com
-- 2715
Holdings
Stav stiahnutia (Blokovanie) (Withrawn status) Stav straty Zdroj klasifikácie pre skladovanie Stav poškodenia (Damaged status) Nie pre výpožičky (Not for loan) Spôsob nadobudnutia (Collection code) Trvalé umiestnenie Aktuálne umiestnenie Dátum nadobudnutia Náklady, bežná kúpna cena Inventárne číslo (prírastkové číslo) Celkom výpožičky Full call number Čiarový kód Dátum posledného výskytu Dátum poslednej výpôžičky Cena s účinnosťou od Typ jednotky Koha
          Kúpa Mestská knižnica Giraltovce Mestská knižnica Giraltovce 2022-02-07 1.00 21495 1 I1888 I1888 2024-06-17 2024-06-07 2022-02-07 Odborná literatúra pre dospelých

Powered by Koha